Дуслык (Запись № 11850583)

Подробности
000 -МАРКЕР
контрольное поле 01246nam0a2200289 4500
001 - ИДЕНТИФИКАТОР ЗАПИСИ
контрольное поле RU\NLR\BIBL_A\011470159
005 - ИДЕНТИФИКАТОР ВЕРСИИ
контрольное поле 20260405231512.0
010 ## - МЕЖДУНАРОДНЫЙ СТАНДАРТНЫЙ НОМЕР КНИГИ (ISBN)
Номер (ISBN) 978-5-906701-98-5
Тираж 1000
021 ## - НОМЕР ГОСУДАРСТВЕННОЙ РЕГИСТРАЦИИ
Код страны Российская Федерация
Номер 2017-55238
Номер Листа государственной регистраци 3931
035 ## - ДРУГИЕ СИСТЕМНЫЕ НОМЕРА
Идентификатор записи (NLR Aleph) 011470159
100 ## - ДАННЫЕ ОБЩЕЙ ОБРАБОТКИ
Данные общей обработки 20170912d2017 |||y0rusy50 ca
101 0# - ЯЗЫК РЕСУРСА
Язык текста, звукозаписи и т.д. татарский
102 ## - СТРАНА ПУБЛИКАЦИИ ИЛИ ПРОИЗВОДСТВА
Страна публикации Российская Федерация
105 ## - ПОЛЕ КОДИРОВАННЫХ ДАННЫХ: ТЕКСТОВЫЕ МАТЕРИАЛЫ, МОНОГРАФИЧЕСКИЕ
Кодированные данные о монографическом текстовом документе a z 000 y
200 1# - ЗАГЛАВИЕ И СВЕДЕНИЯ ОБ ОТВЕТСТВЕННОСТИ
Основное заглавие Дуслык
Сведения, относящиеся к заглавию [балалар өчен әкиятләр]
Первые сведения об ответственности Лилия Фәрхетдинова
Последующие сведения об ответственности [рәссамы Светлана Маликова]
210 ## - ПУБЛИКАЦИЯ, РАСПРОСТРАНЕНИЕ И ДР.
Место издания, распространения и т.д. Казан
Имя издателя, распространителя и т. д. Ихлас
Дата издания, распространения и т.д. 2017
215 ## - ФИЗИЧЕСКАЯ ХАРАКТЕРИСТИКА
Специфическое обозначение материала и объем 16 б.
Другие сведения о физической характеристике ил.
Размеры 21
541 1# - ПЕРЕВОД ЗАГЛАВИЯ, СДЕЛАННЫЙ КАТАЛОГИЗАТОРОМ
Связь между полями z01790
Заглавие [Дружба
Сведения, относящиеся к заглавию сказки для детей].
Язык заглавия русский
686 1# - ИНДЕКСЫ ДРУГИХ КЛАССИФИКАЦИЙ
Индекс Ш9(2)6=Татар-2
700 #1 - ИМЯ ЛИЦА - ПЕРВИЧНАЯ ОТВЕТСТВЕННОСТЬ
Код отношения Автор
Графика поля Кириллица
Материалы, к которым относится поле tat
Начальный элемент ввода Фәрхетдинова
Часть имени, кроме начального элемента ввода Л. Н. кызы
Даты 1971-
Расширение инициалов личного имени Лилия Нәсыйх кызы
Системный номер авторитетной/нормативной записи 191707
Идентификатор авторитетной/нормативной записи RU\NLR\AUTH\770191758
702 #1 - ИМЯ ЛИЦА - ВТОРИЧНАЯ ОТВЕТСТВЕННОСТЬ
Код отношения Иллюстратор
Графика поля Кириллица
Материалы, к которым относится поле rus
Начальный элемент ввода Маликова
Часть имени, кроме начального элемента ввода С.
Дополнения к именам, кроме дат художник
Расширение инициалов личного имени Светлана
Системный номер авторитетной/нормативной записи 88352
Идентификатор авторитетной/нормативной записи RU\NLR\AUTH\77105427
790 #1 - ИМЯ ЛИЦА - АЛЬТЕРНАТИВНАЯ ФОРМА
Код отношения Автор
Графика поля Кириллица
Материалы, к которым относится поле rus
Начальный элемент ввода Фархутдинова
Часть имени, кроме начального элемента ввода Л. Н.
Даты 1971-
Расширение инициалов личного имени Лилия Насиховна
Системный номер авторитетной/нормативной записи 191708
Идентификатор авторитетной/нормативной записи RU\NLR\AUTH\770191759
852 ## - МЕСТОНАХОЖДЕНИЕ И ШИФР ХРАНЕНИЯ
Идентификатор организации NLR
Наименование фонда или коллекции (Sub-Location Identifier) ОНЛ
Шифр хранения (Call Number) Татар./3-14973
942 ## - ДОПОЛНИТЕЛЬНЫЕ ЭЛЕМЕНТЫ ЗАПИСИ (АБИС)
Тип экземпляра АБИС Книга
980 ## - КОЛЛЕКЦИЯ
Название коллекции Национальная библиография
Экземпляры
Тип экземпляра Дата поступления Источник поступления Библиотека постоянного хранения Библиотека текущего хранения Место хранения Шифр хранения Штрих-код Статус экземпляра
Книга 12.09.2017 Обязательный экземпляр РНБ (Московский) РНБ (Московский) Фонд национальных литератур ОНЛ Татар./3-14973 1-1434319 Доставлен в Фoнд